| 000 | 00349nam a22001097a 4500 | ||
|---|---|---|---|
| 999 |
_c23812 _d23812 |
||
| 003 | Nust | ||
| 005 | 20170227120449.0 | ||
| 008 | 140128b xxu||||| |||| 00| 0 eng d | ||
| 010 | _a2004052063 | ||
| 020 | _a0195681436 | ||
| 040 |
_aDLC _bDLC _cRCMS |
||
| 082 |
_a004.22PAR _b000359 |
||
| 100 | _aParhami Behrozz | ||
| 245 |
_aComputer Architecture From Microprocessors to Supercomputers _cParhami Behrozz _hEnglish _bThe Oxford Series in Electrical and Computer Engineering |
||
| 260 |
_aIndia _bOxford University Press _cc2005 |
||
| 300 |
_a575 p. : _bill. ; _c26 cm. |
||
| 650 | _a1.Technology & Engineering 2.Electronics | ||
| 856 |
_3Table of contents only _uhttp://www.loc.gov/catdir/toc/ecip0716/2007017469.html |
||
| 942 |
_2ddc _cBK |
||